000
00296nam a2200121Ia 4500
008
190902s9999||||xx |||||||||||||| ||und||
020
_a
0-07-212027-4
100
_a
Hamid Ali
245
4
_a
The Law of social security
260
_a
karchi
_b
The Ideal Labour Laws
_c
2007
300
_a
281
942
_c
BK
999
_c
2897
_d
2897